El pensamiento juridic catalá (Record no. 81520)

MARC details
000 -LEADER
campo de control de longitud fija 00729nam a2200193 i 4500
001 - NÚMERO DE CONTROL
campo de control 81520
003 - IDENTIFICADOR DE NÚMERO DE CONTROL
campo de control ES-MaACL
005 - FECHA Y HORA DE LA ÚLTIMA TRANSACCIÓN
campo de control 20251009063053.0
007 - CAMPO FIJO DE DESCRIPCIÓN FÍSICA--INFORMACIÓN GENERAL
campo de control de longitud fija t|
008 - DATOS DE LONGITUD FIJA--INFORMACIÓN GENERAL
campo de control de longitud fija 041104s1935 sp ||||1| cat d
100 1# - ENTRADA PRINCIPAL--NOMBRE DE PERSONA
Nombre de persona Hurtado, Amadeu,
Fechas asociadas al nombre 1875-1950
9 (RLIN) 64777
245 13 - MENCIÓN DEL TÍTULO
Título El pensamiento juridic catalá
Resto del título : discurs pronuntiat en la sessió inaugural del curs de 1935-1936 /
Mención de responsabilidad, etc. Amadeo Hurtado y Miró.
260 ## - PUBLICACIÓN, DISTRIBUCIÓN, ETC.
Lugar de publicación, distribución, etc. Barcelona :
Nombre del editor, distribuidor, etc. [s.n.],
Fecha de publicación, distribución, etc. 1935 (
Fabricante G. Casacuberta)
300 ## - DESCRIPCIÓN FÍSICA
Extensión 99 p. ;
Dimensiones 21 cm.
500 ## - NOTA GENERAL
Nota general Precede al tít.: Academia de Jurisprudencia y Legislació de Catalunya.
710 2# - ENTRADA AGREGADA--NOMBRE DE ENTIDAD CORPORATIVA
Nombre de entidad corporativa o nombre de jurisdicción como elemento de entrada Acadèmia de Jurisprudència i Legislació de Catalunya.
9 (RLIN) 163698
852 ## - LOCALIZACIÓN
Ubicación ES-MaACL
Número de control de estantería 1803-F-19
Holdings
Estatus retirado Estado de pérdida Estado de daño No para préstamo Colección Biblioteca de origen Biblioteca actual Ubicación en estantería Fecha de adquisición Fuente de adquisición Total de préstamos Signatura topográfica completa Código de barras Visto por última vez Precio de reemplazo Tipo de ítem Koha
        Colección de folletos Biblioteca del Ateneo de Madrid Biblioteca del Ateneo de Madrid Depósito folletos 17/01/2008     1803-F-19 1085213 23/02/2023 23/02/2023 Folleto